书目信息 |
| 题名: |
美国警界内幕
|
|
| 作者: | 贝克 著 ;梅亦评 编译 | |
| 分册: | ||
| 出版信息: | 北京 文化艺术出版社 1991 |
|
| 页数: | 232页 | |
| 开本: | 19cm | |
| 丛书名: | ||
| 单 册: | ||
| 中图分类: | D771.235 | |
| 科图分类: | ||
| 主题词: | 警察--概况--美国 | |
| 电子资源: | ||
| ISBN: | 7-5039-0832-7 | |
| 000 | 00806nam0 2200265 450 | |
| 001 | 0100349461 | |
| 005 | 20100618160328.0 | |
| 010 | @a7-5039-0832-7@dCNY3.20 | |
| 011 | @a7-5039-0832-7 | |
| 100 | @a20021005d1991 em y0chiy0110 ea | |
| 101 | 1 | @achi@ceng |
| 102 | @aCN@b110000 | |
| 105 | @ay z 000yy | |
| 106 | @ar | |
| 200 | 1 | @a美国警界内幕@9Mei Guo Jing Jie Nei Mu @f(美)贝 克著@g梅亦评等编译@b专著 |
| 210 | @a北京@c文化艺术出版社@d1991 | |
| 215 | @a232页@d19cm | |
| 304 | @a著者原题:马克·贝克 | |
| 330 | @a本书以大量的事实,揭示了美国警察的种种心态,披露了美国警界的内幕。 | |
| 606 | 0 | @a警察@x概况@y美国 |
| 690 | @aD771.235@v3 | |
| 701 | 1 | @a贝克@9bei ke@b马克@4著 |
| 702 | 0 | @a梅亦评@9mei yi ping@4编译 |
| 801 | 0 | @aCN@bAiZhiMarc@c19920131 |
| 905 | @aBZT@dD771.235@e4@f1@sD771.235/4 | |
| 美国警界内幕/(美)贝 克著/梅亦评等编译.-北京:文化艺术出版社,1991 |
| 232页;19cm |
| ISBN 7-5039-0832-7:CNY3.20 |
| 本书以大量的事实,揭示了美国警察的种种心态,披露了美国警界的内幕。 |
| ● |
| 相关链接 |
|
|
|
正题名:美国警界内幕
索取号:D771.235/4
 
预约/预借
| 序号 | 登录号 | 条形码 | 馆藏地/架位号 | 状态 | 备注 |
| 1 | 2000098594 | 2000098594 | 旧书回溯/ [索取号:D771.235/4] | 在馆 |